О построении кривых третьей степени
| Autor principal: | |
|---|---|
| Sumari: | Текст в русской дореформенной орфографии Раздельная пагинация страниц Печатано по определению Физико-Математического факультета Императорского Казанского Университета. Декан Д. Дубяго |
| Idioma: | rus |
| Publicat: |
Казань, Типография Императорского Казанского Университета, 1898
|
| Matèries: | |
| Format: | MixedMaterials Llibre |
| KOHA link: | https://koha.lib.tpu.ru/cgi-bin/koha/opac-detail.pl?biblionumber=357678 |
MARC
| LEADER | 00000nam0a2200000 4500 | ||
|---|---|---|---|
| 001 | 357678 | ||
| 005 | 20231102011021.0 | ||
| 035 | |a (RuTPU)RU\TPU\retro\14946 | ||
| 090 | |a 357678 | ||
| 100 | |a 20200807d1898 km y0rusy50 ca | ||
| 101 | 0 | |a rus | |
| 102 | |a RU | ||
| 105 | |a af z 000zy | ||
| 200 | 1 | |a О построении кривых третьей степени |f П. П. Граве | |
| 210 | |a Казань |c Типография Императорского Казанского Университета |d 1898 | ||
| 215 | |a С. II, 121-401 |c ил. | ||
| 300 | |a Текст в русской дореформенной орфографии | ||
| 300 | |a Раздельная пагинация страниц | ||
| 300 | |a Печатано по определению Физико-Математического факультета Императорского Казанского Университета. Декан Д. Дубяго | ||
| 317 | |5 63413507: 2//226 |a Поступил в НТБ в 1910 г. в дар от сына А. К. Жбиковского преподавателя ТТИ С. А. Жбиковского | ||
| 606 | 1 | |a Кривые алгебраические |2 stltpush |3 (RuTPU)RU\TPU\subj\1738 |9 30438 | |
| 610 | 1 | |a построение | |
| 610 | 1 | |a ветви | |
| 610 | 1 | |a плоскости | |
| 610 | 1 | |a гипербола | |
| 610 | 1 | |a эллипсы | |
| 610 | 1 | |a параболы | |
| 610 | 1 | |a геометрические методы | |
| 610 | 1 | |a Коллекция А. К. Жбиковского | |
| 610 | 1 | |a дары библиотеке | |
| 675 | |a 512.7 |v 4 | ||
| 700 | 1 | |a Граве |b П. П. | |
| 801 | 1 | |a RU |b 63413507 |c 20200807 | |
| 801 | 2 | |a RU |b 63413507 |c 20210607 |g RCR | |
| 942 | |c BK | ||